| 000 | 00818pam a2200265 a 4500 | ||
|---|---|---|---|
| 001 | 1406828 | ||
| 003 | OSt | ||
| 005 | 20230627112210.0 | ||
| 008 | 830912s1984 nyua b 001 0 eng | ||
| 010 | _a 83019614 | ||
| 020 |
_a007044126X : _c$28.95 |
||
| 040 |
_aDLC _cDLC _dDLC |
||
| 043 | _an-us--- | ||
| 082 | 0 | 0 |
_a336.73 _bMUS |
| 100 | 1 |
_aMusgrave, Richard A. _q(Richard Abel), _d1910-2007. |
|
| 245 | 1 | 0 |
_aPublic finance in theory and practice / _cRichard A. Musgrave, Peggy B. Musgrave. |
| 250 | _a4th ed. | ||
| 260 |
_aNew York : _bMcGraw-Hill, _cc1984. |
||
| 300 |
_axvi, 824 p. : _bill. ; _c25 cm. |
||
| 504 | _aIncludes bibliographies and indexes. | ||
| 650 | 0 |
_aFinance, Public _zUnited States. |
|
| 700 | 1 | _aMusgrave, Peggy B. | |
| 906 |
_a7 _bcbc _corignew _d1 _eocip _f19 _gy-gencatlg |
||
| 942 |
_2ddc _cBK |
||
| 999 |
_c2830 _d2830 |
||